乗降客数ランキングTOP100(東海) - Statistics

General Stats
  • This quiz has been taken 278 times
  • The average score is 56 of 100
Answer Stats
順位 都道府県 駅名 乗降客数 % Correct
1 愛知県 名古屋 791971
99%
2 愛知県 金山 460235
96%
10 愛知県 豊橋 83713
96%
28 愛知県 岡崎 48153
93%
7 静岡県 静岡 107931
92%
20 岐阜県 岐阜 56753
91%
15 静岡県 浜松 67370
90%
26 愛知県 尾張一宮 49066
87%
30 三重県 38750
85%
37 岐阜県 大垣 33330
82%
70 愛知県 安城 21126
82%
3 愛知県 名鉄名古屋 272061
80%
14 静岡県 三島 68316
80%
31 静岡県 沼津 37007
80%
11 愛知県 刈谷 77216
79%
35 三重県 桑名 34026
79%
4 愛知県 220688
78%
6 愛知県 大曽根 148095
78%
9 愛知県 千種 86448
78%
24 三重県 近鉄四日市 50328
77%
39 静岡県 熱海 31400
77%
5 愛知県 近鉄名古屋 173119
76%
53 愛知県 大府 26943
76%
62 静岡県 掛川 22539
76%
96 愛知県 蒲郡 16412
76%
98 静岡県 清水 16198
75%
16 愛知県 鶴舞 67202
73%
23 愛知県 高蔵寺 51935
73%
34 愛知県 春日井 34174
72%
40 愛知県 神宮前 31289
71%
41 愛知県 名鉄一宮 30939
68%
56 岐阜県 多治見 26528
68%
33 愛知県 東岡崎 35057
67%
59 愛知県 豊田市 24088
66%
45 愛知県 知立 29951
64%
44 岐阜県 名鉄岐阜 30058
63%
47 愛知県 勝川 29046
62%
100 三重県 松阪 15872
62%
81 愛知県 八田 18599
60%
8 愛知県 伏見 104526
59%
46 愛知県 中部国際空港 29863
59%
69 愛知県 新安城 21561
58%
19 愛知県 上小田井 60132
57%
91 愛知県 稲沢 16755
57%
57 静岡県 草薙 26181
56%
88 静岡県 藤枝 17630
55%
95 愛知県 新守山 16466
55%
12 愛知県 藤が丘 73398
54%
36 愛知県 栄町 33857
54%
54 愛知県 神領 26672
54%
78 静岡県 新静岡 19362
54%
21 愛知県 久屋大通 54533
53%
17 愛知県 赤池 66896
51%
29 愛知県 名古屋城 39568
51%
97 愛知県 太田川 16381
50%
87 愛知県 共和 18068
49%
89 岐阜県 穂積 17111
49%
32 愛知県 八事 35805
48%
13 愛知県 上飯田 69740
47%
75 愛知県 岩倉 19817
47%
50 愛知県 新瑞橋 27618
46%
61 愛知県 御器所 23562
46%
38 愛知県 丸の内 32126
45%
85 愛知県 前後 18314
45%
27 愛知県 今池 48441
44%
67 愛知県 高畑 22024
43%
92 愛知県 鳴海 16680
42%
22 愛知県 星ヶ丘 52700
41%
25 愛知県 上前津 49161
41%
66 愛知県 江南 22218
41%
71 愛知県 徳重 20925
41%
76 愛知県 国府宮 19779
41%
43 愛知県 新栄町 30505
40%
94 静岡県 新浜松 16535
40%
42 愛知県 本山 30862
39%
72 愛知県 名古屋大学 20858
39%
73 愛知県 大須観音 20515
39%
18 愛知県 矢場町 65313
38%
49 愛知県 一社 28450
38%
64 三重県 近鉄富田 22490
38%
63 愛知県 上社 22533
36%
55 愛知県 堀田 26584
35%
79 愛知県 西春 19311
34%
84 愛知県 東刈谷 18342
34%
52 愛知県 中村公園 27125
33%
65 愛知県 本郷 22266
32%
74 愛知県 20255
32%
86 静岡県 伊東 18252
32%
51 愛知県 池下 27573
31%
77 愛知県 覚王山 19465
31%
90 愛知県 平針 17052
30%
80 愛知県 高岳 19001
29%
48 愛知県 黒川 28882
27%
99 愛知県 岩塚 16178
27%
60 愛知県 塩釜口 24025
26%
82 愛知県 植田 18376
26%
83 愛知県 砂田橋 18344
26%
93 愛知県 本陣 16644
26%
58 愛知県 桜山 25222
24%
68 愛知県 日比野 21787
20%
No matching quizzes found
Score Distribution
Percent of People with Each Score
Percentile by Number Answered
Your Score History
You have not taken this quiz